000 00433nam a2200181Ia 4500
001 13414
005 20260306164759.0
008 260306t2013||||xx |||||||||||||| ||spa||
041 _aESP
082 _a004
_bS746
100 _aSipser, Michael
_eAUT
245 0 _aIntroduction to the theory of computation
260 _c2013
300 _a458 páginas :
_c24 cm.
650 _aGEN
654 _aCCC
942 _cLIB
_dJUS
_fJUS
_2ddc
_n
999 _c13414
_d13414